| 000 | 00574nam a2200229Ia 4500 | ||
|---|---|---|---|
| 003 | OSt | ||
| 005 | 20220924142358.0 | ||
| 006 | a|||||r|||| 00| 0 | ||
| 007 | ta | ||
| 008 | 220923b |||||||| |||| 00| 0 ben d | ||
| 024 | _a301747 | ||
| 037 | _cTextual | ||
| 040 |
_aARTS _cARTS _bben |
||
| 041 |
_2ben _aben |
||
| 082 | _aY31.262.N, 157M9 | ||
| 100 |
_aBandopadhyay Raghab _9213323 |
||
| 245 | 0 | _aBanglar mukh | |
| 260 | _c1989 | ||
| 650 | _aSOCIOLOGY | ||
| 942 |
_hY31.262.N, 157M9 _cTEXL _2CC |
||
| 999 |
_c450559 _d450559 |
||